|
|
|
|
| LEADER |
00664cam a2200181 7i4500 |
| 001 |
0000043159 |
| 005 |
20170504090000.0 |
| 020 |
|
|
|a 9781118004364 (pbk.)
|
| 090 |
0 |
0 |
|a LB1029.T4
|b B46 2012
|
| 100 |
1 |
|
|a Beninghof, Anne M
|
| 245 |
1 |
0 |
|a Co-teaching that works :
|b structures and strategies for maximizing student learning
|c Anne M. Beninghof.
|
| 260 |
|
|
|a San Francisco, CA:
|b Jossey-Bass,
|c 2012.
|
| 300 |
|
|
|a x, 260 p.:
|b ill.;
|c 24 cm.
|
| 490 |
0 |
|
|a Jossey-Bass teacher
|
| 650 |
0 |
0 |
|a Classroom management
|
| 650 |
0 |
0 |
|a Teaching teams
|
| 997 |
|
|
|a Education & Social Sciences, Faculty
|b Education, Department
|
| 999 |
|
|
|a 0000055987
|b BOK
|c OPEN SHELF
|e 1st Floor, Bestari Jaya
|